书目信息 |
| 题名: |
合同基本知识
|
|
| 作者: | 李铸国 , 白有忠 编著 | |
| 分册: | ||
| 出版信息: | 北京 群众出版社 1981.12 |
|
| 页数: | 155页 | |
| 开本: | 19cm | |
| 丛书名: | ||
| 单 册: | ||
| 中图分类: | D923.6 | |
| 科图分类: | ||
| 主题词: | 法律--中国 | |
| 电子资源: | ||
| ISBN: | ||
| 000 | 00590nam0 2200217 45 | |
| 001 | 0404281595 | |
| 005 | 20040428154926.3 | |
| 010 | @dCNY0.42 | |
| 091 | @a6067.19 | |
| 100 | @a20040428d1981 km y0chiy0120 ea | |
| 101 | 0 | @achi |
| 105 | @a z 000yy | |
| 200 | 1 | @a合同基本知识@AHe Tong Ji Ben Zhi Shi@f李铸国,白有忠编著@FLi Zhu Guo,Bai You Zhong Bian Zhu |
| 210 | @a北京@c群众出版社@d1981.12 | |
| 215 | @a155页@d19cm | |
| 606 | 0 | @a法律@x中国 |
| 690 | @aD923.6@v3 | |
| 701 | 0 | @a李铸国@4编著 |
| 701 | 0 | @a白有忠@4编著 |
| 801 | @aCN@bTSTCL@c20040428 | |
| 905 | @f1@b73635@dD923.6@e23 | |
| 合同基本知识/李铸国,白有忠编著.-北京:群众出版社,1981.12 |
| 155页;19cm |
| ISBN :CNY0.42 |
| ● |
| 相关链接 |
|
|
|
|
正题名:合同基本知识
索取号:D923.6/23
 
预约/预借
| 序号 | 登录号 | 条形码 | 馆藏地/架位号 | 状态 | 备注 |
| 1 | 0073635 | 000368177 | 密集书库/ [索取号:D923.6/23] | 在馆 | |
| 2 | 0073636 | 000368195 | 第一样本阅览室/ [索取号:D923.6/23] | 在馆 |